Busiest International Air Routes From DFW Airport - Statistics

General Stats
  • This quiz has been taken 212 times
  • The average score is 9 of 10
Answer Stats
Country Answer Number of People % Correct
U.K London 655,590
99%
Japan Tokyo 305,321
99%
Mexico Mexico City 476,167
98%
Canada Toronto 221,385
98%
Germany Frankfurt 269,442
97%
South Korea Seoul 245,514
97%
Canada Vancouver 200,460
96%
Mexico Cancun 682,977
95%
Mexico Monterrey 246,804
64%
Mexico San Jose del Cabo 240,412
24%
No matching quizzes found
Score Distribution
Percent of People with Each Score
Percentile by Number Answered
Your Score History
You have not taken this quiz